| 000 | 00551nam a2200181 a 4500 | ||
|---|---|---|---|
| 001 | 1842 | ||
| 005 | 20140414131901.0 | ||
| 008 | 010420s19uu xx 00 eng d | ||
| 020 | _a971-630-053-0 | ||
| 050 |
_aFIC _bB59 1996 |
||
| 100 | _aBlanco, Marivi Soliven | ||
| 245 |
_aThe subway cyclops / _cby Marivi Soliven Blanco ; pictures by Remus San Diego. |
||
| 260 |
_aManila : _bTahanan Book for Young Readers, _c1996. |
||
| 300 | _a79 p. : ill. ; cm. | ||
| 440 | _aJenny and Jay Mystery, #4 | ||
| 650 |
_aMysteries _xFiction. |
||
| 999 |
_c110646 _d110646 |
||